000 00586nam a22002417a 4500
003 UA-OsUOA
001 27437
007 ta
008 20040625b un ||||| |||| 00| 0 ukr d
100 _aКрамской Иван Николаевич
090 _a75.03
_bК77
942 _cBK
040 _aUA-OsUOA
_brus
_cUA-OsUOA
_dUA-OsUOA
245 _aПисьма 1879-1887
300 _a532 с.
_bІлюстрації
955 _a0
041 _arus
080 _a75.03
260 _aМосква
_bИскусство
_c1966
044 _aRU
650 7 _2UDC
999 _c313782
_d313782